Atlas Ceiling and Partition Company Limited v Crowngate Estates (Cheltenham) Limited (Record no. 70216)
[ view plain ]
| 000 -LEADER | |
|---|---|
| fixed length control field | 01452cam a2200193 4500 |
| 001 - CONTROL NUMBER | |
| control field | ABS65366 |
| 008 - FIXED-LENGTH DATA ELEMENTS--GENERAL INFORMATION | |
| fixed length control field | 020508n2002 000 0 eng u |
| 035 ## - SYSTEM CONTROL NUMBER | |
| System control number | (Sirsi) u117893 |
| 245 ## - TITLE STATEMENT | |
| Title | Atlas Ceiling and Partition Company Limited v Crowngate Estates (Cheltenham) Limited |
| 260 ## - PUBLICATION, DISTRIBUTION, ETC. | |
| Date of publication, distribution, etc. | 2002 |
| 490 ## - SERIES STATEMENT | |
| Series statement | Construction Law Journal |
| Volume/sequential designation | [2002] Const L J 49-55(7) |
| 520 ## - SUMMARY, ETC. | |
| Summary, etc. | QBD 18 February 2000 Defendant (C) was main contractor on project with claimant (A). Work began January 1998 pursuent to letter of intent dated 18 December 1997. 3 April 1998 DOM/1 signed by each party. C contended contract entered into that day. A contended contract undated, and contract not entered into until after 1 May 1998. C referrred claim to adjudication under HGCRA. Decision dated 14 January 2000 found for C against A. A sought enforcement. C contended contract entered into 3 April 1998, and challenged adjudicators jurisdiction. "Held" that contract between parties took effect from 12 April 1999 and was not a variation of the earlier letter of intent. |
| 590 ## - LOCAL NOTE (RLIN) | |
| Local note | ABS |
| 650 ## - SUBJECT ADDED ENTRY--TOPICAL TERM | |
| Topical term or geographic name entry element | ATLAS CEILING AND PARTITION COMPANY LIMITED V CROWNGATE ESTATES (CHELTENHAM) LIMITED |
| 650 ## - SUBJECT ADDED ENTRY--TOPICAL TERM | |
| Topical term or geographic name entry element | MANAGEMENT-DISPUTE AVOIDANCE, MANAGEMENT AND RESOLUTION-DISPUTE MANAGEMENT AND RESOLUTION-ALTERNATIVE DISPUTE RESOLUTION-ADJUDICATION |
| 650 ## - SUBJECT ADDED ENTRY--TOPICAL TERM | |
| Topical term or geographic name entry element | DOM/1 |
| 690 ## - LOCAL SUBJECT ADDED ENTRY--TOPICAL TERM (OCLC, RLIN) | |
| Topical term or geographic name as entry element | MANGEMENT-DISPUTE AVOIDANCE, MANAGEMENT AND RESOLUTION-DISPUTE MANAGEMENT AND RESOLUTION |
| 942 ## - ADDED ENTRY ELEMENTS (KOHA) | |
| Suppress in OPAC | 0 |
| Withdrawn status | Lost status | Source of classification or shelving scheme | Damaged status | Not for loan | Home library | Current library | Shelving location | Date acquired | Total Checkouts | Full call number | Barcode | Date last seen | Copy number | Price effective from | Koha item type |
|---|---|---|---|---|---|---|---|---|---|---|---|---|---|---|---|
| Dewey Decimal Classification | London | London | Journal article | 08/05/2002 | ABS65366 | 117893-1001 | 06/08/2019 | 1 | 06/08/2019 | Law report |